Θεμελιώδεις αρχές συστημάτων βάσεων δεδομένων
Αποθηκεύτηκε σε:
| Κύριος συγγραφέας: | |
|---|---|
| Άλλοι συγγραφείς: | , |
| Μορφή: | Βιβλίο |
| Γλώσσα: | Greek English |
| Δημοσίευση: |
Αθήνα :
Δίαυλος,
c2012.
|
| Έκδοση: | 6η έκδ., αναθ. |
| Θέματα: | |
| Ετικέτες: |
Προσθήκη ετικέτας
Δεν υπάρχουν, Καταχωρήστε ετικέτα πρώτοι!
|
MARC
| LEADER | 00000cam a2200000 i 4500 | ||
|---|---|---|---|
| 001 | 1/29801 | ||
| 008 | 130521t2012 gr ||| | gre|| | ||
| 020 | |a 9789605312817 |q (χαρτόδετο) | ||
| 035 | |l 10114447 | ||
| 040 | |a GR-MyUa |b gre |e AACR2 | ||
| 041 | 1 | |a gre |h eng | |
| 082 | 7 | |a 005.74 |2 (22) | |
| 100 | 1 | |a Elmasri, Ramez. | |
| 245 | 1 | 0 | |a Θεμελιώδεις αρχές συστημάτων βάσεων δεδομένων / |c Elmasri, Navathe ; μετάφραση και επιστημονική επιμέλεια Μιχάλης Χατζόπουλος. |
| 250 | |a 6η έκδ., αναθ. | ||
| 260 | |a Αθήνα : |b Δίαυλος, |c c2012. | ||
| 300 | |a 928 σ. : |b εικ. ; |c 29 εκ. | ||
| 500 | |a Τίτλος πρωτοτύπου: Fundamentals of database systems, 6th ed. | ||
| 504 | |a Βιβλιογραφία: σ. 895-920. Ευρετήριο. | ||
| 650 | 0 | |a Database management. | |
| 650 | 0 | |a System design. | |
| 650 | 0 | |a Data structures (Computer science) | |
| 650 | 0 | |a Database design. | |
| 700 | 1 | |a Navathe, Sham. | |
| 700 | 1 | |a Χατζόπουλος, Μιχάλης, |e edt |e trl | |
| 852 | |a INST |b LEMNOS |e 20190624 |h 005.74 ELM |p 005600002192 |q 005600002192 |t BK |y 0 | ||
| 852 | |a INST |b LESVOS |c EUDOXUS |e 20140121 |h 005.74 ELM |p 005100052698 |q 005100052698 |t EDX |y 0 | ||
| 852 | |a INST |b LESVOS |c EUDOXUS |e 20140121 |h 005.74 ELM |p 005100052699 |q 005100052699 |t EDX |y 0 | ||
| 852 | |a INST |b SAMOS |c EUDOXUS |e 20130521 |h 005.74 ELM |p 005300040053 |q 005300040053 |t EDX |y 0 | ||
| 852 | |a INST |b SAMOS |c EUDOXUS |e 20150529 |h 005.74 ELM |p 005300042230 |q 005300042230 |t EDX |y 0 | ||
| 852 | |a INST |b SAMOS |c EUDOXUS |e 20151116 |h 005.74 ELM |p 005300043099 |q 005300043099 |t EDX |y 23 | ||
| 852 | |a INST |b SAMOS |c EUDOXUS |e 20160927 |h 005.74 ELM |p 005300043824 |q 005300043824 |t EDX |y 0 | ||
| 852 | |a INST |b SAMOS |c EUDOXUS |e 20161125 |h 005.74 ELM |p 005300043972 |q 005300043972 |t EDX |y 0 | ||
| 852 | |a INST |b SYROS |c EUDOXUS |e 20141219 |h 005.74 ELM |p 005500012318 |q 005500012318 |t EDX |y 0 | ||
| 901 | |a BIBL5-2014-3 | ||
| 901 | |a BIBL3-2013-2 | ||
| 901 | |a BIBL1-2014-1 | ||
| 920 | |a Εύδοξος |b Παραγγελία |y Σύρος-ΤΜΣΠΣ |z 2014-12 | ||
| 920 | |a Εύδοξος |b Παραγγελία |y Σάμος-ΤΜΠΕΣ |z 2013-02 | ||
| 920 | |a Εύδοξος |b Επιστροφή |y Σάμος |z 2015-05 | ||
| 920 | |a Εύδοξος |b Επιστροφή |y Σάμος |z 2015-11 | ||
| 920 | |a Εύδοξος |b Επιστροφή |y Σάμος |z 2016-11 | ||
| 920 | |a Εύδοξος |b Επιστροφή |y Σάμος |z 2016-09 | ||
| 920 | |a Εύδοξος |b Παραγγελία |y Λέσβος-ΤΓ |z 2013-04 | ||
| 970 | |a Κοσιέρης |b Χρήστος |z 21/05/2013 | ||